| 000 | 00680nam a2200217 i 4500 | ||
|---|---|---|---|
| 001 | 91214 | ||
| 003 | ES-MaACL | ||
| 007 | t| | ||
| 008 | 050128e1983 sp ||||1| spa d | ||
| 080 | _a 159.922(04) | ||
| 100 | 1 |
_aLeontiev, Alexis. _eaut _971700 |
|
| 245 | 1 | 3 |
_aEl desarrollo del psiquismo / _cAlexis Leontiev ; [traducción, Emma Calatayud]. |
| 260 |
_a[Madrid] : _bAkal, _c[1983] |
||
| 300 |
_a288 páginas ; _c22 cm. |
||
| 650 | 7 |
_aPsicología genética _2embne _916566 |
|
| 700 | 1 |
_aCalatayud, Emma. _933533 _etrl |
|
| 852 |
_aES-MaACL _bR.104933 _cDEPO2 _jL-4453 |
||
| 942 |
_2udc _cMONOGRAFIA _n0 |
||
| 999 |
_c91214 _d91214 |
||